Southville International School and Colleges
Your cart is empty.
  • Cart
  • Lists
    Public lists Eva Luna New books Lux_list list_1
    Your lists Log in to create your own lists
  • Log in to your account
  • Your cookies
  • Search history
Southville International School and Colleges
  • Advanced search
  • Recent comments
  • Most popular
  • Libraries

Log in to your account

Log in with GOOGLE


If you do not have an external account, but do have a local account, you can still log in:

  1. Home
  2. MARC view: Creative writing /
Normal view MARC view ISBD view

Creative writing / (Record no. 366924)

[ view plain ]
MARC details
000 -LEADER
fixed length control field 00536nam a22001817a 4500
003 - CONTROL NUMBER IDENTIFIER
control field 0
005 - DATE AND TIME OF LATEST TRANSACTION
control field 20250108072719.0
008 - FIXED-LENGTH DATA ELEMENTS--GENERAL INFORMATION
fixed length control field 250108b xxu||||| |||| 00| 0 eng d
020 ## - INTERNATIONAL STANDARD BOOK NUMBER
International Standard Book Number 979-8-89161-210-5
050 ## - LIBRARY OF CONGRESS CALL NUMBER
Classification number PN 187
Item number .F73 2024
100 ## - MAIN ENTRY--PERSONAL NAME
Personal name Franco, Greyson
Relator term author.
245 ## - TITLE STATEMENT
Title Creative writing /
Statement of responsibility, etc Greyson Franco.
260 ## - PUBLICATION, DISTRIBUTION, ETC. (IMPRINT)
Place of publication, distribution, etc Jersey City, USA :
Name of publisher, distributor, etc Alexis Press, LLC,
Date of publication, distribution, etc 2024.
300 ## - PHYSICAL DESCRIPTION
Extent viii, 249 p. ;
Dimensions 24 cm.
504 ## - BIBLIOGRAPHY, ETC. NOTE
Bibliography, etc Includes bibliographical references and index.
650 ## - SUBJECT ADDED ENTRY--TOPICAL TERM
Topical term or geographic name as entry element Creative writing.
942 ## - ADDED ENTRY ELEMENTS (KOHA)
Source of classification or shelving scheme Library of Congress Classification
Koha item type Books
Holdings
Withdrawn status Lost status Source of classification or shelving scheme Damaged status Home library Current library Shelving location Date acquired Source of acquisition Sub Shelving location Total Checkouts Full call number Barcode Date last seen Price effective from Koha item type
    Library of Congress Classification   College Library College Library Reserve Section 01/08/2025 Library Fund     PN 187 .F73 2024 C24108 01/08/2025 01/08/2025 Books

Creative writing /

APA

Franco G., . (2024). Creative writing. Jersey City, USA: Alexis Press, LLC.

Chicago

Franco Greyson, . 2024. Creative writing. Jersey City, USA: Alexis Press, LLC.

Harvard

Franco G., . (2024). Creative writing. Jersey City, USA: Alexis Press, LLC.

MLA

Franco Greyson, . Creative writing. Jersey City, USA: Alexis Press, LLC. 2024.

  • Place hold
  • Print
  • Cite
  • Add to your cart (remove)
  • Save record
    BIBTEX Dublin Core MARCXML MARC (non-Unicode/MARC-8) MARC (Unicode/UTF-8) MARC (Unicode/UTF-8, Standard) MODS (XML) RIS
  • More searches
    Search for this title in:
    Other Libraries (WorldCat) Other Databases (Google Scholar) Online Stores (Bookfinder.com) Open Library (openlibrary.org)

Exporting to Dublin Core...

SOUTHVILLE LIBRARY

Southville International School and Colleges Library

1281 Tropical Ave. Cor. Luxembourg St., BF Homes International, Las Pinas City

Tel. No. 8256374 / 252358 Loc. 117/146

Powered by Koha